AN IMPLEMENTATION FRAMEWORK FOR EFFECTIVE INFORMATION SECURITY CONTROL SYSTEMS IN TVETI IN NAIROBI COUNTY KENYA (Record no. 216052)
[ view plain ]
| 000 -LEADER | |
|---|---|
| fixed length control field | 00463nam a22001457a 4500 |
| 008 - FIXED-LENGTH DATA ELEMENTS--GENERAL INFORMATION | |
| fixed length control field | 250829b |||||||| |||| 00| 0 eng d |
| 100 ## - MAIN ENTRY--PERSONAL NAME | |
| Personal name | KIROKO WANGUI RACHAEL |
| 245 ## - TITLE STATEMENT | |
| Title | AN IMPLEMENTATION FRAMEWORK FOR EFFECTIVE INFORMATION SECURITY CONTROL SYSTEMS IN TVETI IN NAIROBI COUNTY KENYA |
| 260 ## - PUBLICATION, DISTRIBUTION, ETC. | |
| Place of publication, distribution, etc. | KISII |
| Name of publisher, distributor, etc. | KISII UNIVERSITY |
| Date of publication, distribution, etc. | 2020 |
| 300 ## - PHYSICAL DESCRIPTION | |
| Extent | XV,103P. |
| 500 ## - GENERAL NOTE | |
| General note | INCLUDES AN INDEX |
| 650 ## - SUBJECT ADDED ENTRY | |
| Topical term or geographic name entry element | TVETI-KENYA |
| 942 ## - ADDED ENTRY ELEMENTS (KOHA) | |
| Source of classification or shelving scheme | Library of Congress Classification |
| Koha item type | Reference |
| Withdrawn status | Lost status | Source of classification or shelving scheme | Damaged status | Not for loan | Collection | Home library | Current library | Shelving location | Date acquired | Inventory number | Total checkouts | Full call number | Barcode | Date last seen | Copy number | Price effective from | Koha item type |
|---|---|---|---|---|---|---|---|---|---|---|---|---|---|---|---|---|---|
| Library of Congress Classification | Arts & Social Sciences | Kisii University Library | Kisii University Library | On Display | 08/29/2025 | 108044 | THE LB 3497.5 .K57 2020 | 000000024467 | 08/29/2025 | C.1 | 08/29/2025 | Reference |